000 00468nam a2200181 a 4500
005 20210219153537.0
008 991125n 000 0 u
035 _aUPN01000105659
222 _aCOMUNICACION EDUCATIVA SEP
245 _a¿Qué es un Centro de Desarrollo Infantil?
300 _a5
362 _a1983 Año 1, no. <2=02> jun.
653 0 _aCENDI
653 0 _aEDUCACION PREESCOLAR
653 0 _aNIÑOS
904 _aAC
_b043470
905 _aArticulo
999 _c79593
_d79593